000 01010nam0a2200277 4500
001 RU\NLR\bibl\810859
005 20250614132817.0
010 _a5-89392-094-5
_92000
021 _aRU
_b2005-15658
_9798
035 _a(NLR Aleph) 000799927
090 _a1174764
_c1174764
100 _a20050617d2005 |||y0rusy50 ca
101 1 _arus
_ceng
102 _aRU
105 _aa |||||||||
200 1 _aAdobe Illustrator CS
_eофициальный учебный курс
_f[пер. с англ. А. Тимаков]
210 _aМосква
_cТриумф
_d2005
215 _a491 с.
_cил.
_d24
_e[1] электрон. опт. диск. (CD-ROM)
225 1 _aСерия: Официальный учебный курс
606 1 _aADOBE ILLUSTRATOR CS, графический редактор
_jУчебные издания
_92339666
_3RU\NLR\auth\661398596
686 _aЗ973.23-018.3я7
801 0 _aRU
_bNLR
_c20050617
_grcr
801 1 _aRU
_bNLR
_c20050617
942 _cBOOK
980 _aNB